Library of the University of Algiers 3
Ibrahim Sultan Cheibout
شعار جامعة الجزائر 3
مكتبة جامعة الجزائر 3
إبراهيم سلطان شيبوط

Introductory Descriptive Statistics Lectures / (رقم التسجيلة. 41503)

تفاصيل مارك
000 -LEADER
fixed length control field 01762nam a2200217Ia 4500
003 - CONTROL NUMBER IDENTIFIER
control field Ost
005 - DATE AND TIME OF LATEST TRANSACTION
control field 20260426125804.0
008 - FIXED-LENGTH DATA ELEMENTS--GENERAL INFORMATION
fixed length control field 260426s9999||||xx |||||||||||||| ||und||
040 ## - CATALOGING SOURCE
Transcribing agency fsecg
041 ## - LANGUAGE CODE
Language code of text/sound track or separate title eng
082 ## - DEWEY DECIMAL CLASSIFICATION NUMBER
Classification number 302.015195
100 ## - MAIN ENTRY--PERSONAL NAME
Personal name Frahi, Fadila
Relator term Author
245 #0 - TITLE STATEMENT
Title Introductory Descriptive Statistics Lectures /
Statement of responsibility, etc. Fadila Frahi
260 ## - PUBLICATION, DISTRIBUTION, ETC.
Place of publication, distribution, etc. Algiers :
Name of publisher, distributor, etc. University of Algiers 3 Faculty of Economics Commercial Sciences and Management,
Date of publication, distribution, etc. 2024
300 ## - PHYSICAL DESCRIPTION
Extent 117 paper,
Dimensions 12 cm
504 ## - BIBLIOGRAPHY, ETC. NOTE
Bibliography, etc. note bibliography paper 116
520 ## - SUMMARY, ETC.
Summary, etc. This polycope provides a comprehensive introduction to statistics, covering essential concepts and techniques. It begins by defining statistics and its types, introducing key terms like population, sample, parameter, and statistic. The polycop then delves into descriptive statistics, exploring methods for summarizing and visualizing both qualitative and quantitative data, including frequency distributions, histograms, and box plots.The polycope further explores measures of central tendency, such as the mean, median, and mode, as well as measures of variability, including variance, standard deviation, and interquartile range. It also introduces concepts like skewness and kurtosis to describe the shape of distributions.Correlation and regression analysis are covered to examine relationships between variables, while index numbers are discussed to measure changes in economic variables over time. The polycope concludes with a chapter on measures of concentration, focusing on the Lorenz curve and Gini coefficient to assess income inequality.
653 ## - INDEX TERM--UNCONTROLLED
Uncontrolled term Statistics
710 ## - ADDED ENTRY--CORPORATE NAME
Corporate name or jurisdiction name as entry element University of Algiers 3 Faculty of Economics Commercial Sciences and Management
Relator term Scientific publisher
942 ## - ADDED ENTRY ELEMENTS (KOHA)
Koha item type مطبوعات
المقتنيات
Withdrawn status Lost status Source of classification or shelving scheme Damaged status Not for loan Home library Current library Date acquired Serial enumeration / chronology Inventory number Total checkouts Full call number Barcode Date last seen Price effective from Koha item type
    Dewey Decimal Classification   NOT LOAN / إعارة داخلية مكتبة كلية العلوم الإقتصادية والعلوم التجارية وعلوم التسيير مكتبة كلية العلوم الإقتصادية والعلوم التجارية وعلوم التسيير 26/04/2026 Second floor Po.903-1   Po.903 exp1 Po.903-1 26/04/2026 26/04/2026 مطبوعات

موارد الويب المفتوحة


© University of Algiers 3 All Rights Reserved
|
Implemented by LECHELAH Riad